000 00485nam a2200145Ia 4500
003 OSt
005 20260114104352.0
008 211028s2012 xx 000 0 und d
040 _cAIMIT LIBRARY
041 _aeng
100 _aD Souza, Celine Anitha; D Souza, Claret.
_g1016011
_96888
245 _aA study on efficacy of packaging improvement with reference to Fr muller homeopathic division Deralakatte Mangalore /
260 _aMangalore
_bD Souza, Claret
_c2012
942 _2ddc
_cPRO
999 _c218458
_d218458